000 00637nam a2200217 a 4500
005 20140310183519.0
008 110720s19uu xx 00 eng d
020 _a978-981-0695-84-2
050 _aT 58.6
_b.L372 2010
100 _aLaudon, Kenneth C.
245 _aMangement information system: managing the digital firm /
_cKenneth C.Laudon.
250 _a11th ed.
260 _aSingapore :
_bPearson Education, Inc,
_c2010.
300 _a653 p. :
_bill. ;
_c28 cm.
521 _aBSBA
650 _aManagement information systems.
700 _aLaudon, Jane P.
942 _cBK
_2lcc
_kFOR
999 _c24366
_d24366